[Event "Bundesliga 0102"]
[Site "Deutschland"]
[Date "2002.04.27"]
[Round "14.2"]
[White "Fressinet, Laurent"]
[Black "Nielsen, Peter Heine"]
[Result "1-0"]
[WhiteElo "2606"]
[BlackElo "2593"]
[PlyCount "61"]
[EventDate "2001.10.06"]
[EventType "team"]
[EventRounds "15"]
[EventCountry "GER"]
[SourceTitle "Bundesliga 0102"]
[Source "DeepChess"]
[SourceDate "2005.01.01"]
[SourceVersion "1"]
[SourceVersionDate "2005.01.01"]
[SourceQuality "1"]
[WhiteTeam "SG 1868 Aljech. Solingen"]
[BlackTeam "SV Wattenscheid 1930"]
[WhiteTeamCountry "GER"]
[BlackTeamCountry "GER"]

1. e4 c5 2. Nf3 d6 3. d4 cxd4 4. Nxd4 Nf6 5. Nc3 a6 6. Be3 e6 7. f3 b5 8. Qd2
Nbd7 9. O-O-O Nb6 10. Qf2 Nfd7 11. f4 Qc7 12. f5 Nc5 13. fxe6 fxe6 14. e5 d5
15. Nb3 Nca4 16. Nxa4 Nxa4 17. Be2 Qxe5 18. Bd4 Qg5+ 19. Kb1 Bd6 20. h4 Qe7 21.
Bh5+ Kd8 22. Rhe1 Rf8 23. Bf3 Bd7 24. Qd2 Qxh4 25. Bxg7 Rf7 26. Bxd5 exd5 27.
Qxd5 Rxg7 28. Qxa8+ Kc7 29. Qa7+ Kd8 30. Na5 Nc5 31. Qb6+ 1-0

[Event "Bundesliga 0102"]
[Site "Deutschland"]
[Date "2002.04.27"]
[Round "14.4"]
[White "Lobron, Eric"]
[Black "Holzke, Frank"]
[Result "1/2-1/2"]
[WhiteElo "2524"]
[BlackElo "2468"]
[PlyCount "93"]
[EventDate "2001.10.06"]
[EventType "team"]
[EventRounds "15"]
[EventCountry "GER"]
[SourceTitle "Bundesliga 0102"]
[Source "DeepChess"]
[SourceDate "2005.01.01"]
[SourceVersion "1"]
[SourceVersionDate "2005.01.01"]
[SourceQuality "1"]
[WhiteTeam "SG 1868 Aljech. Solingen"]
[BlackTeam "SV Wattenscheid 1930"]
[WhiteTeamCountry "GER"]
[BlackTeamCountry "GER"]

1. Nf3 Nf6 2. c4 c5 3. Nc3 Nc6 4. g3 g6 5. Bg2 Bg7 6. O-O O-O 7. d4 cxd4 8.
Nxd4 Ng4 9. e3 Nxd4 10. exd4 d6 11. b3 Rb8 12. a4 a6 13. Ra2 Nh6 14. Bxh6 Bxh6
15. a5 Bg7 16. Nd5 e6 17. Nb6 d5 18. cxd5 exd5 19. Bxd5 Qf6 20. Rd2 Rd8 21. Bg2
Bh6 22. f4 Be6 23. Kh1 Bf8 24. f5 gxf5 25. d5 Bc8 26. Nxc8 Rbxc8 27. Rdf2 Bh6
28. Rxf5 Qxf5 29. Rxf5 Rc1 30. Rf1 Rxd1 31. Rxd1 Bf8 32. Rc1 Re8 33. Bh3 Rd8
34. Bg2 Re8 35. Rd1 Bd6 36. Bh3 Re3 37. Rb1 Rd3 38. Bc8 Rxd5 39. Bxb7 Rxa5 40.
Rd1 Be7 41. Kg2 Ra2+ 42. Kh3 a5 43. Bd5 Rf2 44. Bc4 Kg7 45. Rd7 Bb4 46. Kg4
Rxh2 47. Bxf7 1/2-1/2

[Event "Bundesliga 0102"]
[Site "Deutschland"]
[Date "2002.04.27"]
[Round "14.5"]
[White "Handke, Florian"]
[Black "Chandler, Murray G"]
[Result "0-1"]
[WhiteElo "2384"]
[BlackElo "2540"]
[PlyCount "76"]
[EventDate "2001.10.06"]
[EventType "team"]
[EventRounds "15"]
[EventCountry "GER"]
[SourceTitle "Bundesliga 0102"]
[Source "DeepChess"]
[SourceDate "2005.01.01"]
[SourceVersion "1"]
[SourceVersionDate "2005.01.01"]
[SourceQuality "1"]
[WhiteTeam "SV Wattenscheid 1930"]
[BlackTeam "SG 1868 Aljech. Solingen"]
[WhiteTeamCountry "GER"]
[BlackTeamCountry "GER"]

1. e4 c5 2. Nf3 Nc6 3. Nc3 Nf6 4. Bb5 g6 5. e5 Ng4 6. Bxc6 dxc6 7. h3 Nh6 8.
Ne4 b6 9. d3 Bg7 10. Bf4 Nf5 11. Qd2 Nd4 12. Nxd4 Qxd4 13. O-O-O Be6 14. Kb1
Bxe5 15. Bxe5 Qxe5 16. Rhe1 h6 17. f4 Qd4 18. c3 Qd5 19. c4 Qd4 20. g4 O-O-O
21. Qe2 Bd7 22. Qf3 h5 23. Nc3 hxg4 24. hxg4 Rh2 25. Rxe7 Rf2 26. Qh1 Rh8 27.
Qe4 Rxf4 28. Qe1 Rh2 29. Rd2 Rxd2 30. Qxd2 Bxg4 31. Ne4 Rf1+ 32. Kc2 Bd1+ 33.
Qxd1 Rxd1 34. Kxd1 Qxd3+ 35. Nd2 f5 36. Rxa7 g5 37. Rg7 g4 38. Ke1 Qd4 0-1

[Event "Bundesliga 0102"]
[Site "Deutschland"]
[Date "2002.04.27"]
[Round "14.6"]
[White "Rowson, Jonathan"]
[Black "Ellers, Holger"]
[Result "1-0"]
[WhiteElo "2514"]
[BlackElo "2444"]
[PlyCount "73"]
[EventDate "2001.10.06"]
[EventType "team"]
[EventRounds "15"]
[EventCountry "GER"]
[SourceTitle "Bundesliga 0102"]
[Source "DeepChess"]
[SourceDate "2005.01.01"]
[SourceVersion "1"]
[SourceVersionDate "2005.01.01"]
[SourceQuality "1"]
[WhiteTeam "SG 1868 Aljech. Solingen"]
[BlackTeam "SV Wattenscheid 1930"]
[WhiteTeamCountry "GER"]
[BlackTeamCountry "GER"]

1. e4 e6 2. d4 d5 3. Nc3 Nc6 4. Nf3 Nf6 5. e5 Ne4 6. Ne2 f6 7. Ng3 Be7 8. exf6
Nxf6 9. Bb5 O-O 10. O-O Bd6 11. Re1 Bd7 12. Ng5 Re8 13. Nf3 a6 14. Bxc6 bxc6
15. b3 c5 16. dxc5 Bxc5 17. Bb2 Bb4 18. c3 Bd6 19. c4 c6 20. Qc2 c5 21. cxd5
exd5 22. Ng5 Re7 23. Qd3 Bb5 24. Qf3 Bxg3 25. hxg3 Bc6 26. Qc3 Ne4 27. Nxe4
dxe4 28. Rad1 Qe8 29. Rd6 Bb7 30. Qxc5 Rc8 31. Qd4 Qf7 32. Rd8+ Rxd8 33. Qxd8+
Re8 34. Qd4 h6 35. Qe3 Bc6 36. Rc1 Qd5 37. Qc3 1-0

[Event "Bundesliga 0102"]
[Site "Deutschland"]
[Date "2002.04.27"]
[Round "14.7"]
[White "Straeter, Timo"]
[Black "Naumann, Alexander"]
[Result "1/2-1/2"]
[WhiteElo "2310"]
[BlackElo "2480"]
[PlyCount "62"]
[EventDate "2001.10.06"]
[EventType "team"]
[EventRounds "15"]
[EventCountry "GER"]
[SourceTitle "Bundesliga 0102"]
[Source "DeepChess"]
[SourceDate "2005.01.01"]
[SourceVersion "1"]
[SourceVersionDate "2005.01.01"]
[SourceQuality "1"]
[WhiteTeam "SV Wattenscheid 1930"]
[BlackTeam "SG 1868 Aljech. Solingen"]
[WhiteTeamCountry "GER"]
[BlackTeamCountry "GER"]

1. d4 d5 2. Nf3 Nf6 3. Bf4 c5 4. c3 cxd4 5. cxd4 Nc6 6. Nc3 Ne4 7. Qb3 Nxc3 8.
bxc3 e6 9. e3 Bd6 10. Bxd6 Qxd6 11. c4 dxc4 12. Bxc4 O-O 13. Be2 b6 14. O-O Bb7
15. Rfc1 Rac8 16. Qb5 Rc7 17. Rc2 Rfc8 18. Rac1 h6 19. Bd3 Kf8 20. Qa4 Na5 21.
Ne5 Rxc2 22. Rxc2 Rxc2 23. Qxc2 Nc6 24. Ba6 Nxd4 25. exd4 Bxa6 26. Qh7 Qc7 27.
h4 Qc1+ 28. Kh2 Qf4+ 29. Kg1 Qc1+ 30. Kh2 Qf4+ 31. Kg1 Qc1+ 1/2-1/2

[Event "Bundesliga 0102"]
[Site "Deutschland"]
[Date "2002.04.27"]
[Round "14.8"]
[White "Schaefer, Markus"]
[Black "Thiel, Thomas"]
[Result "1/2-1/2"]
[WhiteElo "2403"]
[BlackElo "2314"]
[PlyCount "61"]
[EventDate "2001.10.06"]
[EventType "team"]
[EventRounds "15"]
[EventCountry "GER"]
[SourceTitle "Bundesliga 0102"]
[Source "DeepChess"]
[SourceDate "2005.01.01"]
[SourceVersion "1"]
[SourceVersionDate "2005.01.01"]
[SourceQuality "1"]
[WhiteTeam "SG 1868 Aljech. Solingen"]
[BlackTeam "SV Wattenscheid 1930"]
[WhiteTeamCountry "GER"]
[BlackTeamCountry "GER"]

1. e4 e6 2. d4 d5 3. Nd2 c5 4. Ngf3 cxd4 5. exd5 Qxd5 6. Bc4 Qd6 7. O-O Nf6 8.
Nb3 Nc6 9. Nbxd4 Nxd4 10. Nxd4 a6 11. Re1 Qc7 12. Bb3 Bd6 13. Nf5 Bxh2+ 14. Kh1
O-O 15. Nxg7 Rd8 16. Qe2 Kxg7 17. g3 Bxg3 18. Rg1 Qc6+ 19. f3 Qd6 20. Qh2 Kh8
21. Bg5 Be5 22. f4 b5 23. Qh4 Bb7+ 24. Kh2 Ng8 25. Bxd8 Bxf4+ 26. Kh3 Rxd8 27.
Rad1 Bg2+ 28. Kxg2 Qc6+ 29. Kf2 Qc5+ 30. Kg2 Qc6+ 31. Kf2 1/2-1/2

[Event "Bundesliga 0102"]
[Site "Deutschland"]
[Date "2002.04.27"]
[Round "14.2"]
[White "Gabriel, Christian"]
[Black "Vaganian, Rafael A"]
[Result "0-1"]
[WhiteElo "2545"]
[BlackElo "2650"]
[PlyCount "74"]
[EventDate "2001.10.06"]
[EventType "team"]
[EventRounds "15"]
[EventCountry "GER"]
[SourceTitle "Bundesliga 0102"]
[Source "DeepChess"]
[SourceDate "2005.01.01"]
[SourceVersion "1"]
[SourceVersionDate "2005.01.01"]
[SourceQuality "1"]
[WhiteTeam "Stuttgarter SF 1879"]
[BlackTeam "SG Porz e.V."]
[WhiteTeamCountry "GER"]
[BlackTeamCountry "GER"]

1. d4 d5 2. c4 e6 3. Nf3 Nf6 4. Nc3 Be7 5. Bf4 O-O 6. e3 Nbd7 7. h3 c5 8. dxc5
Nxc5 9. cxd5 Nxd5 10. Nxd5 exd5 11. Be5 Ne4 12. a3 Bh4 13. g3 Bf6 14. Bd4 Bd7
15. Be2 Rc8 16. h4 Re8 17. O-O Bh3 18. Re1 Rc6 19. Bb5 Bg4 20. Be2 Bxf3 21.
Bxf3 Bxh4 22. Bxe4 dxe4 23. gxh4 Qxh4 24. Rc1 Rd6 25. Kf1 Red8 26. Rc4 Rd5 27.
a4 Rf5 28. Qc2 h5 29. Rd1 Qg4 30. Qe2 Rf3 31. Ke1 h4 32. Kd2 Qg2 33. Rf1 h3 34.
Rc5 g6 35. Qe1 h2 36. Ke2 Rxd4 37. exd4 Rd3 0-1

[Event "Bundesliga 0102"]
[Site "Deutschland"]
[Date "2002.04.27"]
[Round "14.3"]
[White "Andersson, Ulf"]
[Black "Bunzmann, Dimitrij"]
[Result "1-0"]
[WhiteElo "2601"]
[BlackElo "2509"]
[PlyCount "131"]
[EventDate "2001.10.06"]
[EventType "team"]
[EventRounds "15"]
[EventCountry "GER"]
[SourceTitle "Bundesliga 0102"]
[Source "DeepChess"]
[SourceDate "2005.01.01"]
[SourceVersion "1"]
[SourceVersionDate "2005.01.01"]
[SourceQuality "1"]
[WhiteTeam "SG Porz e.V."]
[BlackTeam "Stuttgarter SF 1879"]
[WhiteTeamCountry "GER"]
[BlackTeamCountry "GER"]

1. Nf3 Nf6 2. c4 e6 3. g3 a6 4. Bg2 b5 5. b3 Bb7 6. Nc3 b4 7. Na4 Be7 8. O-O
O-O 9. d4 a5 10. Bg5 Na6 11. Ne5 Bxg2 12. Kxg2 Qc8 13. e3 h6 14. Bxf6 Bxf6 15.
Ng4 Be7 16. f4 f5 17. Ne5 Bf6 18. Qf3 Ra7 19. Rad1 Qe8 20. h4 Nb8 21. h5 Bxe5
22. dxe5 Qe7 23. e4 fxe4 24. Qxe4 Nc6 25. Qd3 Rf7 26. Qe3 Ra8 27. Rd3 Rf5 28.
Nc5 Rd8 29. Rfd1 Nb8 30. g4 Rf7 31. Kg3 Rdf8 32. Rf1 Qe8 33. Rf2 Qe7 34. Rdd2
Qe8 35. Qe2 Qe7 36. Qe3 Qe8 37. Rf3 Qe7 38. Rd1 Qe8 39. Rd2 Qe7 40. Rd1 Qe8 41.
Nd3 Nc6 42. Qe4 Qb8 43. Nc5 Qb6 44. Qe3 Nb8 45. Nd3 Nc6 46. Nc5 Nb8 47. Rd2 Re8
48. Nd3 Nc6 49. Qxb6 cxb6 50. Nf2 Ref8 51. Rdd3 Ra8 52. Ne4 a4 53. Nd6 Rff8 54.
Nb5 Rfd8 55. Rd6 Kf8 56. Rfd3 Ke7 57. Nd4 axb3 58. axb3 Nxd4 59. R3xd4 Rab8 60.
f5 b5 61. c5 Rbc8 62. c6 Rc7 63. Rxd7+ Rdxd7 64. Rxd7+ Rxd7 65. cxd7 Kxd7 66.
Kf4 1-0

[Event "Bundesliga 0102"]
[Site "Deutschland"]
[Date "2002.04.27"]
[Round "14.4"]
[White "Buhmann, Rainer"]
[Black "Hansen, Curt"]
[Result "1-0"]
[WhiteElo "2498"]
[BlackElo "2626"]
[PlyCount "109"]
[EventDate "2001.10.06"]
[EventType "team"]
[EventRounds "15"]
[EventCountry "GER"]
[SourceTitle "Bundesliga 0102"]
[Source "DeepChess"]
[SourceDate "2005.01.01"]
[SourceVersion "1"]
[SourceVersionDate "2005.01.01"]
[SourceQuality "1"]
[WhiteTeam "Stuttgarter SF 1879"]
[BlackTeam "SG Porz e.V."]
[WhiteTeamCountry "GER"]
[BlackTeamCountry "GER"]

1. d4 Nf6 2. Nf3 e6 3. c4 b6 4. a3 Bb7 5. Nc3 d5 6. cxd5 exd5 7. Qa4+ c6 8. g3
Bd6 9. Bg2 O-O 10. O-O Re8 11. Bf4 Bxf4 12. gxf4 Qd6 13. Ne5 Nbd7 14. Rfd1 Nf8
15. e3 Ng6 16. Kh1 Re7 17. Rac1 Nh4 18. Bh3 c5 19. b4 cxd4 20. Nb5 Qd8 21. Nxd4
Rc7 22. f3 Bc8 23. Bf1 Nf5 24. Ndc6 Qe8 25. Qb3 Be6 26. Qd3 Rac8 27. b5 g6 28.
Rd2 Nd7 29. Bh3 Nxe5 30. fxe5 Ne7 31. Bxe6 fxe6 32. Nxe7+ Qxe7 33. Rdc2 Rxc2
34. Rxc2 Rxc2 35. Qxc2 Qxa3 36. Qc8+ Kf7 37. Qh8 Qc1+ 38. Kg2 Qc2+ 39. Kg3 Qf5
40. Qxh7+ Ke8 41. Qh8+ Ke7 42. Qg7+ Ke8 43. h4 d4 44. e4 Qh5 45. Qf6 d3 46.
Qxe6+ Kf8 47. Qf6+ Kg8 48. Kf2 Qh6 49. Qd8+ Kh7 50. Qc7+ Kg8 51. Qb8+ Kf7 52.
Qxa7+ Ke6 53. Qxb6+ Kxe5 54. Qc5+ Ke6 55. Qd5+ 1-0

[Event "Bundesliga 0102"]
[Site "Deutschland"]
[Date "2002.04.27"]
[Round "14.5"]
[White "Graf, Alexander"]
[Black "Schmittdiel, Eckhard"]
[Result "1-0"]
[WhiteElo "2610"]
[BlackElo "2490"]
[PlyCount "83"]
[EventDate "2001.10.06"]
[EventType "team"]
[EventRounds "15"]
[EventCountry "GER"]
[SourceTitle "Bundesliga 0102"]
[Source "DeepChess"]
[SourceDate "2005.01.01"]
[SourceVersion "1"]
[SourceVersionDate "2005.01.01"]
[SourceQuality "1"]
[WhiteTeam "SG Porz e.V."]
[BlackTeam "Stuttgarter SF 1879"]
[WhiteTeamCountry "GER"]
[BlackTeamCountry "GER"]

1. d4 Nf6 2. c4 e6 3. Nf3 Bb4+ 4. Nbd2 b6 5. e3 Bb7 6. Bd3 O-O 7. O-O d5 8. a3
Bd6 9. b4 c5 10. bxc5 bxc5 11. cxd5 cxd4 12. dxe6 dxe3 13. Nc4 exf2+ 14. Rxf2
Bc5 15. exf7+ Kh8 16. Be3 Bxf3 17. Rxf3 Nbd7 18. Kh1 Rxf7 19. Bxc5 Nxc5 20. Ne5
Rc7 21. Ng6+ hxg6 22. Rh3+ Kg8 23. Bc4+ Rf7 24. Qc2 Nce4 25. Qa2 Ng5 26. Rg3
Nfe4 27. Bxf7+ Nxf7 28. Rxg6 Qd3 29. Re6 Rd8 30. h3 Rd5 31. Re1 Ng3+ 32. Kg1
Rf5 33. Qb2 Rf1+ 34. Kh2 Rxe1 35. Qb8+ Kh7 36. Rxe1 Nf5 37. Qf4 N7d6 38. a4 Nc4
39. Re6 Nce3 40. Qg5 Ng3 41. Kxg3 Nf1+ 42. Kf2 1-0

[Event "Bundesliga 0102"]
[Site "Deutschland"]
[Date "2002.04.27"]
[Round "14.6"]
[White "Duppel, Matthias"]
[Black "Van den Doel, Erik"]
[Result "1/2-1/2"]
[WhiteElo "2455"]
[BlackElo "2607"]
[PlyCount "76"]
[EventDate "2001.10.06"]
[EventType "team"]
[EventRounds "15"]
[EventCountry "GER"]
[SourceTitle "Bundesliga 0102"]
[Source "DeepChess"]
[SourceDate "2005.01.01"]
[SourceVersion "1"]
[SourceVersionDate "2005.01.01"]
[SourceQuality "1"]
[WhiteTeam "Stuttgarter SF 1879"]
[BlackTeam "SG Porz e.V."]
[WhiteTeamCountry "GER"]
[BlackTeamCountry "GER"]

1. Nf3 d5 2. g3 g6 3. Bg2 Bg7 4. d4 Nf6 5. O-O O-O 6. c4 dxc4 7. Na3 c3 8. bxc3
c5 9. Nc4 Nc6 10. Nfe5 Nd5 11. Bb2 Nxe5 12. Nxe5 Nb6 13. Nf3 Bd7 14. Ba3 Na4
15. Rc1 Rc8 16. Qb3 b5 17. Rfd1 c4 18. Qc2 Re8 19. Rb1 Bf5 20. e4 Bxe4 21. Qxe4
Nxc3 22. Qc2 Nxd1 23. Rxd1 Qa5 24. Bc5 e5 25. Bh3 f5 26. Bf1 Qc7 27. Rb1 a6 28.
a4 exd4 29. Bxd4 Bxd4 30. Nxd4 Qe5 31. Qc3 Rcd8 32. Ne2 Qe4 33. Rc1 Qd3 34.
axb5 axb5 35. Qb2 Qb3 36. Qxb3 cxb3 37. Rb1 Rd2 38. Rxb3 Rdxe2 1/2-1/2

[Event "Bundesliga 0102"]
[Site "Deutschland"]
[Date "2002.04.27"]
[Round "14.7"]
[White "Bauer, Christian"]
[Black "Zeller, Frank"]
[Result "1-0"]
[WhiteElo "2576"]
[BlackElo "2442"]
[PlyCount "49"]
[EventDate "2001.10.06"]
[EventType "team"]
[EventRounds "15"]
[EventCountry "GER"]
[SourceTitle "Bundesliga 0102"]
[Source "DeepChess"]
[SourceDate "2005.01.01"]
[SourceVersion "1"]
[SourceVersionDate "2005.01.01"]
[SourceQuality "1"]
[WhiteTeam "SG Porz e.V."]
[BlackTeam "Stuttgarter SF 1879"]
[WhiteTeamCountry "GER"]
[BlackTeamCountry "GER"]

1. d4 Nf6 2. c4 e6 3. g3 c5 4. d5 exd5 5. cxd5 b5 6. Bg2 d6 7. b4 Nbd7 8. Nc3
Be7 9. Rb1 cxb4 10. Rxb4 Qa5 11. Qd4 Rb8 12. a4 a6 13. Nf3 O-O 14. O-O Bd8 15.
Bd2 Bb6 16. Qh4 Bc5 17. Rbb1 b4 18. Na2 Qxa4 19. Nxb4 Re8 20. Ra1 Qb5 21. Nc6
Re4 22. Bf4 Nf8 23. Ng5 Ng6 24. Nxe4 Nxe4 25. Qd8+ 1-0

[Event "Bundesliga 0102"]
[Site "Deutschland"]
[Date "2002.04.27"]
[Round "14.8"]
[White "Berezovsky, Igor"]
[Black "Nijboer, Friso"]
[Result "1-0"]
[WhiteElo "2406"]
[BlackElo "2551"]
[PlyCount "159"]
[EventDate "2001.10.06"]
[EventType "team"]
[EventRounds "15"]
[EventCountry "GER"]
[SourceTitle "Bundesliga 0102"]
[Source "DeepChess"]
[SourceDate "2005.01.01"]
[SourceVersion "1"]
[SourceVersionDate "2005.01.01"]
[SourceQuality "1"]
[WhiteTeam "Stuttgarter SF 1879"]
[BlackTeam "SG Porz e.V."]
[WhiteTeamCountry "GER"]
[BlackTeamCountry "GER"]

1. Nf3 Nf6 2. b4 e6 3. a3 Be7 4. Bb2 O-O 5. e3 d5 6. c4 c6 7. Nc3 a5 8. c5 Nfd7
9. d4 b6 10. Be2 e5 11. O-O exd4 12. exd4 Re8 13. Qc2 Bf6 14. Bd3 g6 15. b5 Bb7
16. Nxd5 cxd5 17. c6 Nf8 18. cxb7 Ra7 19. Qc8 Qe7 20. Qg4 Rxb7 21. Ne5 Bxe5 22.
dxe5 Nbd7 23. Rae1 Nc5 24. Bf5 Nfe6 25. Rd1 Rd8 26. f4 d4 27. Bxe6 fxe6 28.
Bxd4 Rbd7 29. Bf2 Rd5 30. Bh4 Qxh4 31. Qxh4 Rxd1 32. Rxd1 Rxd1+ 33. Kf2 Rd7 34.
Ke2 h5 35. Qh3 Kf7 36. Qf3 Rd5 37. h3 a4 38. g4 Nb3 39. Qc3 Nd4+ 40. Ke3 Nxb5
41. Qc6 hxg4 42. hxg4 Nxa3 43. Qxa4 Nb5 44. Qa8 Nc7 45. Qc8 Ne8 46. Qb7+ Kg8
47. Qb8 Kf7 48. f5 gxf5 49. gxf5 Rc5 50. f6 Nxf6 51. exf6 Kxf6 52. Qxb6 Rd5 53.
Qc7 Re5+ 54. Kf4 Rf5+ 55. Ke4 Rd5 56. Qh7 Re5+ 57. Kd4 Rd5+ 58. Kc4 Ke5 59.
Qh8+ Kd6 60. Qd8+ Ke5 61. Qe7 Kf5 62. Qg7 Re5 63. Qf7+ Kg5 64. Kd4 Re2 65. Qf3
Ra2 66. Ke5 Ra5+ 67. Kxe6 Ra6+ 68. Kf7 Ra7+ 69. Kf8 Ra4 70. Qd5+ Kf4 71. Qf7+
Kg5 72. Qe7+ Kh6 73. Qd6+ Kg5 74. Qd5+ Kh4 75. Kf7 Rf4+ 76. Ke6 Kg3 77. Ke5 Rb4
78. Qd3+ Kh4 79. Kf5 Ra4 80. Qc3 1-0

[Event "Bundesliga 0102"]
[Site "Deutschland"]
[Date "2002.04.27"]
[Round "14.1"]
[White "Doettling, Fabian"]
[Black "Van Mil, Johannes A J"]
[Result "1-0"]
[WhiteElo "2518"]
[BlackElo "2416"]
[PlyCount "83"]
[EventDate "2001.10.06"]
[EventType "team"]
[EventRounds "15"]
[EventCountry "GER"]
[SourceTitle "Bundesliga 0102"]
[Source "DeepChess"]
[SourceDate "2005.01.01"]
[SourceVersion "1"]
[SourceVersionDate "2005.01.01"]
[SourceQuality "1"]
[WhiteTeam "SV Castrop Rauxel 1923"]
[BlackTeam "SGEM Heiligenhaus 1937 e. V."]
[WhiteTeamCountry "GER"]
[BlackTeamCountry "GER"]

1. d4 g6 2. e4 Bg7 3. c4 Nc6 4. Nf3 d6 5. h3 e5 6. d5 Nd4 7. Nxd4 exd4 8. Bd3
Ne7 9. Nd2 c5 10. Nf3 h6 11. Bd2 g5 12. b4 b6 13. bxc5 bxc5 14. Rb1 O-O 15. O-O
Ng6 16. Ne1 Qe7 17. Rb3 Be5 18. Qh5 Bg7 19. Nf3 Qf6 20. g3 Re8 21. Kg2 Qd8 22.
Re1 Qd7 23. Ra3 Ne5 24. Nxe5 Rxe5 25. Bc2 Rb8 26. Rb3 Rxb3 27. axb3 Qe7 28. Qd1
Qd7 29. Rh1 Re8 30. b4 Qc7 31. bxc5 Qxc5 32. Bd3 Bd7 33. Qb3 a5 34. Qb7 Rd8 35.
Ra1 a4 36. Bb4 Qc8 37. Qxc8 Rxc8 38. Bxd6 Bf8 39. Bxf8 Kxf8 40. e5 Rd8 41. Kf3
Re8 42. Ke4 1-0

[Event "Bundesliga 0102"]
[Site "Deutschland"]
[Date "2002.04.27"]
[Round "14.2"]
[White "Solleveld, Maarten"]
[Black "Appel, Ralf"]
[Result "1-0"]
[WhiteElo "2427"]
[BlackElo "2512"]
[PlyCount "121"]
[EventDate "2001.10.06"]
[EventType "team"]
[EventRounds "15"]
[EventCountry "GER"]
[SourceTitle "Bundesliga 0102"]
[Source "DeepChess"]
[SourceDate "2005.01.01"]
[SourceVersion "1"]
[SourceVersionDate "2005.01.01"]
[SourceQuality "1"]
[WhiteTeam "SGEM Heiligenhaus 1937 e. V."]
[BlackTeam "SV Castrop Rauxel 1923"]
[WhiteTeamCountry "GER"]
[BlackTeamCountry "GER"]

1. e4 Nf6 2. e5 Nd5 3. d4 d6 4. Nf3 g6 5. Bc4 c6 6. O-O Bg7 7. exd6 Qxd6 8. Re1
Bg4 9. Bg5 e6 10. Nbd2 O-O 11. c3 Nd7 12. a4 h6 13. Bh4 f5 14. h3 Bh5 15. Qb3
Kh8 16. Qxb7 Rfb8 17. Qa6 g5 18. Bxg5 hxg5 19. Nxg5 e5 20. dxe5 Nxe5 21. Be2
Nc7 22. Nc4 Qf6 23. Qa5 Nxc4 24. Bxc4 Qxg5 25. Qxc7 Rxb2 26. Qxc6 Rd8 27. Rab1
Rxb1 28. Rxb1 Qf4 29. Bd5 Qd6 30. Qxd6 Rxd6 31. c4 Rb6 32. Rc1 Bh6 33. Re1 Rb2
34. c5 Rd2 35. Be6 Rc2 36. Bxf5 Rxc5 37. g4 Bf7 38. Re7 Rc1+ 39. Kg2 Bd5+ 40.
Be4 Bf8 41. Re8 Bxe4+ 42. Rxe4 Rc2 43. h4 Bc5 44. Rf4 Kg7 45. g5 Rd2 46. Rf5
Bb6 47. h5 Rd4 48. f4 Bd8 49. a5 Be7 50. Kf3 Bd8 51. Kg4 Be7 52. Re5 Bd6 53.
h6+ Kg6 54. Re6+ Kh7 55. Rf6 Be5 56. Rf5 Bd6 57. Rf7+ Kg8 58. g6 a6 59. Kf3 Rc4
60. Rf6 Rd4 61. f5 1-0

[Event "Bundesliga 0102"]
[Site "Deutschland"]
[Date "2002.04.27"]
[Round "14.3"]
[White "Gallagher, Joseph G"]
[Black "Berkvens, Joost"]
[Result "1-0"]
[WhiteElo "2516"]
[BlackElo "2444"]
[PlyCount "91"]
[EventDate "2001.10.06"]
[EventType "team"]
[EventRounds "15"]
[EventCountry "GER"]
[SourceTitle "Bundesliga 0102"]
[Source "DeepChess"]
[SourceDate "2005.01.01"]
[SourceVersion "1"]
[SourceVersionDate "2005.01.01"]
[SourceQuality "1"]
[WhiteTeam "SV Castrop Rauxel 1923"]
[BlackTeam "SGEM Heiligenhaus 1937 e. V."]
[WhiteTeamCountry "GER"]
[BlackTeamCountry "GER"]

1. e4 c5 2. Nf3 d6 3. d4 cxd4 4. Nxd4 Nf6 5. Nc3 Nc6 6. Be2 g6 7. O-O Bg7 8.
Nb3 O-O 9. Kh1 Be6 10. f4 Qc8 11. Be3 Rd8 12. Bf3 Bg4 13. Bg1 Bxf3 14. Qxf3 Qg4
15. Qd3 Bh6 16. h3 Qc8 17. Nd5 Bg7 18. c3 e6 19. Nxf6+ Bxf6 20. Rad1 Bg7 21.
Qe2 Qc7 22. Rf3 Rd7 23. Rfd3 Rad8 24. R1d2 Na5 25. Nxa5 Qxa5 26. a3 Qa6 27. Bh2
Bh6 28. Bg3 Qc6 29. Qf3 d5 30. e5 a5 31. Bh4 Rc8 32. g4 b5 33. Rd4 Rb7 34. Rd1
b4 35. axb4 axb4 36. c4 Rd7 37. f5 Bg7 38. Bg3 Qb7 39. cxd5 Rcd8 40. Kg2 Rxd5
41. Rxd5 Rxd5 42. Rxd5 exd5 43. e6 Bf8 44. Be5 h6 45. fxg6 fxg6 46. Qf6 1-0

[Event "Bundesliga 0102"]
[Site "Deutschland"]
[Date "2002.04.27"]
[Round "14.4"]
[White "Schmitz, Andreas Arnold"]
[Black "Seul, Georg"]
[Result "0-1"]
[WhiteElo "2185"]
[BlackElo "2427"]
[PlyCount "48"]
[EventDate "2001.10.06"]
[EventType "team"]
[EventRounds "15"]
[EventCountry "GER"]
[SourceTitle "Bundesliga 0102"]
[Source "DeepChess"]
[SourceDate "2005.01.01"]
[SourceVersion "1"]
[SourceVersionDate "2005.01.01"]
[SourceQuality "1"]
[WhiteTeam "SGEM Heiligenhaus 1937 e. V."]
[BlackTeam "SV Castrop Rauxel 1923"]
[WhiteTeamCountry "GER"]
[BlackTeamCountry "GER"]

1. e4 d6 2. d4 g6 3. Nc3 Bg7 4. Be3 c6 5. a4 Nf6 6. f3 Nbd7 7. Qd2 e5 8. d5 Qc7
9. a5 cxd5 10. exd5 O-O 11. Ra4 a6 12. Bh6 Re8 13. Bxg7 Kxg7 14. Ne4 Nxe4 15.
fxe4 b5 16. axb6 Qxb6 17. b4 a5 18. h4 h5 19. Be2 Rb8 20. c3 Nf6 21. bxa5 Qb1+
22. Qd1 Nxe4 23. Rb4 Rxb4 24. cxb4 Qxb4+ 0-1

[Event "Bundesliga 0102"]
[Site "Deutschland"]
[Date "2002.04.27"]
[Round "14.5"]
[White "Hoffmann, Michael"]
[Black "Lindner, Arnd"]
[Result "1/2-1/2"]
[WhiteElo "2448"]
[BlackElo "2120"]
[PlyCount "65"]
[EventDate "2001.10.06"]
[EventType "team"]
[EventRounds "15"]
[EventCountry "GER"]
[SourceTitle "Bundesliga 0102"]
[Source "DeepChess"]
[SourceDate "2005.01.01"]
[SourceVersion "1"]
[SourceVersionDate "2005.01.01"]
[SourceQuality "1"]
[WhiteTeam "SV Castrop Rauxel 1923"]
[BlackTeam "SGEM Heiligenhaus 1937 e. V."]
[WhiteTeamCountry "GER"]
[BlackTeamCountry "GER"]

1. Nf3 c5 2. c4 Nf6 3. Nc3 Nc6 4. g3 g6 5. Bg2 Bg7 6. O-O O-O 7. d4 cxd4 8.
Nxd4 Nxd4 9. Qxd4 d6 10. Qd3 a6 11. Be3 Ng4 12. Bd4 Ne5 13. Qd1 Nc6 14. Bxg7
Kxg7 15. Qd2 Qa5 16. b3 Rb8 17. Qb2 Kg8 18. Rfd1 Be6 19. Rac1 Qe5 20. Qd2 Rfd8
21. Nd5 Bxd5 22. cxd5 Na7 23. f4 Qf5 24. e4 Qd7 25. Qe3 Nb5 26. h4 Nc7 27. Kh2
Ne8 28. Bh3 Qb5 29. e5 dxe5 30. Qxe5 Qb4 31. Rc4 Qd6 32. Re4 Nf6 33. Qxd6
1/2-1/2